Statistics for UConn Basketball: Leading Scorer Every Year

Click here to take the quiz!

General Stats

  • This quiz has been taken 41 times
    (25 since last reset)
  • The average score is 22 of 72

Answer Stats

YearPlayerAverage% Correct
2010-2011Kemba Walker23.5
84%
1995-1996Ray Allen23.4
84%
1994-1995Ray Allen21.1
84%
1998-1999Richard Hamilton21.5
79%
1996-1997Richard Hamilton15.9
79%
1997-1998Richard Hamilton21.5
79%
2013-2014Shabazz Napier18.0
79%
2012-2013Shabazz Napier17.1
79%
1990-1991Chris Smith18.9
63%
1991-1992Chris Smith21.2
63%
1989-1990Chris Smith17.2
63%
2020-2021James Bouknight18.7
63%
2021-2022R.J. Cole15.8
63%
2016-2017Jalen Adams14.4
53%
2017-2018Jalen Adams18.1
53%
2018-2019Jalen Adams16.9
53%
2011-2012Jeremy Lamb17.7
47%
1999-2000Khalid El-Amin16.0
47%
2014-2015Ryan Boatright17.4
47%
2002-2003Ben Gordon19.5
42%
2003-2004Ben Gordon18.5
42%
2004-2005Charlie Villanueva13.6
42%
2019-2020Christian Vital16.4
42%
1993-1994Donyell Marshall25.1
42%
1992-1993Donyell Marshall17.0
42%
2000-2001Caron Butler15.3
37%
2001-2002Caron Butler20.3
37%
1987-1988Clifford Robinson17.6
37%
1988-1989Clifford Robinson20.0
37%
1986-1987Clifford Robinson18.1
37%
2005-2006Rudy Gay15.2
37%
1980-1981Corny Thompson15.0
32%
1978-1979Corny Thompson18.6
32%
2015-2016Rodney Purvis12.8
32%
2008-2009A.J. Price14.7
26%
2007-2008Jeff Adrien14.8
21%
2009-2010Jerome Dyson17.2
21%
2006-2007Jerome Dyson13.8
21%
1962-1963Toby Kimball15.1
21%
1963-1964Toby Kimball20.1
21%
1966-1967Wes Bialosuknia28.0
21%
1964-1965Wes Bialosuknia21.3
21%
1965-1966Wes Bialosuknia21.3
21%
1954-1955Art Quimby23.2
16%
1952-1953Art Quimby16.7
16%
1953-1954Art Quimby16.3
16%
1976-1977Tony Hanson26.0
16%
1975-1976Tony Hanson19.1
16%
1974-1975Tony Hanson16.7
16%
1982-1983Earl Kelley16.7
11%
1983-1984Earl Kelley14.4
11%
1984-1985Earl Kelley16.8
11%
1985-1986Earl Kelley19.6
11%
1967-1968Bill Corley21.1
5%
1957-1958Jack Rose13.0
5%
1958-1959Jack Rose16.0
5%
1977-1978Joe Whelton15.3
5%
1979-1980Mike McKay16.7
5%
1981-1982Mike McKay14.3
5%
1956-1957Bob Osborne15.6
0%
1968-1969Bob Staak17.0
0%
1970-1971Bob Staak20.9
0%
1971-1972Gary Custick18.3
0%
1955-1956Gordon Ruddy16.5
0%
1973-1974Jimmy Foster16.3
0%
1972-1973Jimmy Foster15.7
0%
1947-1948Joe Maloney11.1
0%
1959-1960John Pipczynski15.2
0%
1960-1961Len Carlson13.5
0%
1961-1962Len Carlson15.1
0%
1969-1970Robert Boyd23.4
0%
1951-1952Vincent Yokabaskas16.8
0%

Score Distribution

Percentile by Number Answered

Percent of People with Each Score

Your Score History

You have not taken this quiz since the last reset